MESTSKÁ KNIŽNICA GIRALTOVCE  - online katalóg 

Nočné správy (Record no. 12173)

000 -NÁVESTIE
fixed length control field 00617nam a2200229 a 4500
008 - ÚDAJE S PEVNOU DĹŽKOU – VŠEOBECNÉ INFORMÁCIE
fixed length control field 020405s1976 m yxo ra 0 slo c
020 ## - MEDZINÁRODNÉ ŠTANDARDNÉ ČÍSLO KNIHY (ISBN)
Medzinárodné štandardné číslo knihy (ISBN) 808889767X
Údaje o dostupnosti 11
040 ## - ZDROJ KATALOGIZÁCIE
Pôvodná katalogizujúca agentúra SNK
Jazyk katalogizácie slo
Prepisujúca agentúra SNK
Konvencie popisu AACR2
041 1# - KÓD JAZYKA
Kód jazyka textu/zvukovej stopy alebo samostatných nápisov slo
044 ## - KÓD KRAJINY VYDAVATEĽA/PRODUCENTA
Kód krajiny MARC xo
Kód krajiny ISO SK
080 ## - ČÍSLO MEDZINÁRODNÉHO DESATINNÉHO TRIEDENIA (MDT)
Číslo Medzinárodného desatinného triedenia (MDT) 885.4-3
100 1# - OSOBNÉ MENÁ – VŠEOBECNÉ INFORMÁCIE
Osobné meno Mitana, Dušan
Dátumy súvisiace s menom 1946-
Kód roly aut
245 10 - NÁZOV
Názov Nočné správy
Údaj o zodpovednosti atď. Dušan Mitana
250 ## - ÚDAJ O PORADÍ VYDANIA
Údaj o poradí vydania 2. vyd.
260 ## - VYDAVATEĽSKÉ ÚDAJE, DISTRIBÚCIA ATĎ.
Miesto publikovania, distribúcie atď. Bratislava
Názov vydavateľa, distibútora atď. Smena
Dátum publikovania, distribúcie atď. 1976
300 ## - FYZICKÝ POPIS
Rozsah 99 s.
Rozmery 16 cm
490 1# - EDÍCIA
Edícia Hlavolamy
Zväzok/sekvenčné označenie zv. 30
650 07 - PRIDANÝ VSTUP – PREDMET – TEMATICKÉ HESLO
Tematické heslo alebo geografický názov ako vstupný prvok poviedky psychologické slovenské
Zdroj hesla alebo termínu SNK
650 07 - PRIDANÝ VSTUP – PREDMET – TEMATICKÉ HESLO
Tematické heslo alebo geografický názov ako vstupný prvok poviedky spoločenské slovenské
Zdroj hesla alebo termínu SNK
760 1# -
-- Hlavolamy
958 ## - Formálny deskriptor
Formálny deskriptor AUL
Holdings
Stav stiahnutia (Blokovanie) (Withrawn status) Stav straty Stav poškodenia (Damaged status) Nie pre výpožičky (Not for loan) Spôsob nadobudnutia (Collection code) Trvalé umiestnenie Aktuálne umiestnenie Dátum nadobudnutia Náklady, bežná kúpna cena Inventárne číslo (prírastkové číslo) Full call number Dátum posledného výskytu Cena s účinnosťou od Typ jednotky Koha
        Kúpa Mestská knižnica Giraltovce Mestská knižnica Giraltovce 2019-11-29 11.00 11474 B 5600 2019-11-29 2019-11-29 Krásna literatúra pre dospelých

Powered by Koha